| 000 | 00587nam a2200181 a 4500 | ||
|---|---|---|---|
| 005 | 20230616063525.0 | ||
| 008 | 991125m19641969es 000 0 spa u | ||
| 035 | _aUPN01000033539 | ||
| 049 | _aI | ||
| 050 | 4 |
_aGV443 _bG6.3 |
|
| 100 | 1 |
_aGómez del Valle, Pablo _937081 |
|
| 245 | 1 | 0 |
_aJuegos de educación física / _cPablo Gómez del Valle ; il. López Canito. |
| 260 |
_aMadrid : _bSantillana, _c1964 (1969 impr.). |
||
| 300 |
_a91 p. : _bil. |
||
| 440 | 0 | _aEnciclopedia de las aficiones | |
| 650 | 4 |
_aEducación física _xEstudio y enseñanza (Elemental) _911517 |
|
| 905 | _aInfantil | ||
| 999 |
_c33539 _d33539 |
||